|
|
|
|
| LEADER |
00000njm a2200000 4500 |
| 001 |
vtls012232114 |
| 003 |
SK-MaSNL |
| 005 |
20260331211929.0 |
| 007 |
s cs p a |
| 008 |
230612t1988 xr g 000 0 cze |
| 015 |
|
|
|a SNBJ1988
|
| 028 |
1 |
1 |
|a 11 0064-7311
|b SUPRAPHON
|
| 028 |
2 |
1 |
|a H 4015/A A
|b SUPRAPHON
|
| 028 |
2 |
1 |
|a H 4016/A A
|b SUPRAPHON
|
| 040 |
|
|
|a SNK
|b slo
|c SNK
|e rda
|
| 041 |
0 |
|
|a cze
|
| 044 |
|
|
|a xr
|c CZ
|
| 072 |
|
7 |
|a 78
|x Hudba
|2 konspekt
|
| 080 |
|
|
|a (086.72)
|2 2011
|
| 100 |
1 |
|
|a Zmožek, Marcel
|4 sng
|9 535131
|
| 245 |
1 |
0 |
|a Nebuď jako Kanibal : Čirio
|c Marcel Zmožek, Bolero, Jakub Chalupa- sól.trubka
|
| 264 |
|
1 |
|a Praha
|b Supraphon
|c [1988]
|
| 264 |
|
4 |
|c Ⓟ1988
|
| 300 |
|
|
|a 1 gramofónová platňa
|c 18 cm
|
| 336 |
|
|
|a hraná hudba
|b prm
|2 rdacontent
|
| 337 |
|
|
|a audio
|b s
|2 rdamedia
|
| 338 |
|
|
|a audiodisk
|b sd
|2 rdacarrier
|
| 500 |
|
|
|a Gramoplatňa má 2 skladby
|
| 655 |
|
7 |
|a gramofónové platne
|2 SNKPH
|9 74608
|
| 655 |
|
7 |
|a Gramophone records
|2 SNKPHeng
|9 286457
|
| 710 |
2 |
|
|a sbor skupiny Bolero
|9 645454
|
| 740 |
0 |
2 |
|a Čirio
|
| 958 |
|
|
|a GP
|
| 999 |
|
|
|c 997413
|d 999343
|
| 952 |
|
|
|a SNK
|b SNK
|y PREZ
|7 0
|p 17A1420539
|o snkST 997
|i snk586/88
|0 0
|1 0
|4 0
|d 2023-06-12
|l 0
|r 2026-02-24 12:08:09
|w 2026-02-24
|
| 952 |
|
|
|a SNK
|b SNK
|y PREZ
|7 0
|p 17A1420801
|o snkST 1040 D1
|i snk828/88
|0 0
|1 0
|4 0
|d 2023-08-09
|l 0
|r 2026-02-24 12:08:09
|w 2026-02-24
|